000 00199 a2200097 4500
001 2702
100 _aAskham, F.
245 _aThe gay delavals
260 _a
_bJonathan cape
_c
090 _c1998
_d1998
942 _aNUST-CAE
_cM
_c11090
999 _c237775
_d237775